Automatic control systems

محفوظ في:
التفاصيل البيبلوغرافية
المؤلف الرئيسي: Kuo, Benjamin C.
التنسيق: كتاب
اللغة:Undetermined
منشور في: New York John Wiley & Sons, Inc. 2003
الموضوعات:
الوسوم: إضافة وسم
لا توجد وسوم, كن أول من يضع وسما على هذه التسجيلة!
Thư viện lưu trữ: Trung tâm Học liệu Trường Đại học Cần Thơ
LEADER 00519nam a2200193Ia 4500
001 CTU_65542
008 210402s9999 xx 000 0 und d
020 |c 106000 
082 |a 629.8 
082 |b K96 
100 |a Kuo, Benjamin C. 
245 0 |a Automatic control systems 
245 0 |c Benjamin C. Kuo, Farid Golnaragh 
260 |a New York 
260 |b John Wiley & Sons, Inc. 
260 |c 2003 
650 |a Automatic control 
904 |i TUYẾN 
980 |a Trung tâm Học liệu Trường Đại học Cần Thơ